| 000 | 01737cam a2200445 i 4500 | ||
|---|---|---|---|
| 999 |
_c332219 _d332219 |
||
| 001 | 16848154 | ||
| 003 | NUST | ||
| 005 | 20180425044636.0 | ||
| 008 | 110629s2011 pk 000 0 urd | ||
| 010 | _a 2011325482 | ||
| 020 | _a9789695732991 | ||
| 025 | _aP-U-2011325482; 06 | ||
| 037 |
_bLibrary of Congress -- Islamabad Overseas Office _cRs 575 |
||
| 040 |
_aDLC _beng _cDLC _erda |
||
| 042 | _alcode | ||
| 050 | 0 | 0 |
_aBP189 _b.S38858 2011 |
| 066 |
_c(4 _c(3 |
||
| 082 |
_a297.4 _bSHA |
||
| 100 | 1 |
_6880-01 _aShāh, Sarfarāz Ae. _d1944- _96555 |
|
| 245 | 1 | 0 |
_6880-02 _aKahe faqīr : _bdil kī gahrāʼiyon̲ se nikalī rūḥānī guftugū / _cSarfarāz Ae Shāh. |
| 264 | 1 |
_6880-03 _aLāhaur : _bJahāngīr Buks, _c2011. |
|
| 300 |
_a243 pages ; _c25 cm.+ _e1 CD (4 3/4 in.) |
||
| 336 |
_3book _atext _btxt _2rdacontent |
||
| 336 |
_3CD-ROM _atext _btxt _2rdacontent |
||
| 337 |
_3book _aunmediated _bn _2rdamedia |
||
| 337 |
_3CD-ROM _acomputer _bc _2rdamedia |
||
| 338 |
_3book _avolume _bnc _2rdacarrier |
||
| 338 |
_3CD-ROM _acomputer disc _bcd _2rdacarrier |
||
| 520 | _aOn sufism and religious life in Islam. | ||
| 546 | _aIn Urdu. | ||
| 650 | 0 |
_aSufism. _96129 |
|
| 650 | 0 |
_aSufism _xCustoms and practices. _96556 |
|
| 650 | 0 |
_aReligious life _xIslam. _96557 |
|
| 880 | 1 |
_6100-01/(3/r _aشاه، سرفراز اے. _d1944- |
|
| 880 | 1 | 0 |
_6245-02/(4/r _aکہے فقير : _bدل کى گهرائيوں سے نکلى روحانى گفتگو / _cسرفراز اے شاه. |
| 880 | 1 |
_6264-03/(3/r _aلاهور : _bجهانگير بکس، _c2011. |
|
| 906 |
_a7 _bcbc _corigode _d3 _encip _f20 _gy-nonroman |
||
| 942 |
_2ddc _cBK |
||